000 00553nam a22002057a 4500
003 OSt
005 20140310182037.0
008 130815t xxu||||| |||| 00| 0 eng d
020 _a9711170043
050 _aBX 1756
_b.Es74 1989
082 _aHS 252
_bEs1 1989
100 _aEscriva, Josemaria
_910806
245 _aFriends of God :
_bhomilies /
_cJosemaria Escriva.
260 _aManila :
_bSinagtala Publishers, Inc.,
_c1989.
300 _a381 p. ;
_c17 cm.
650 _aSermons
_97176
650 _aPreaching
_910386
942 _2lcc
999 _c8704
_d8704